Última palabra sobre la pretendida inocencia del protóxido de azoe (gas hilarizante) / (Record no. 166646)

MARC details
000 -LEADER
campo de control de longitud fija 00575nam a22001575i 4500
001 - NÚMERO DE CONTROL
campo de control 166646
003 - IDENTIFICADOR DE NÚMERO DE CONTROL
campo de control ES-MaACL
005 - FECHA Y HORA DE LA ÚLTIMA TRANSACCIÓN
campo de control 20230906213355.0
008 - DATOS DE LONGITUD FIJA--INFORMACIÓN GENERAL
campo de control de longitud fija 021219s1883 sp |||| | spa d
100 1# - ENTRADA PRINCIPAL--NOMBRE DE PERSONA
Nombre de persona Triviño, Alfonso.
9 (RLIN) 133383
245 10 - MENCIÓN DEL TÍTULO
Título Última palabra sobre la pretendida inocencia del protóxido de azoe (gas hilarizante) /
Mención de responsabilidad, etc. por Alfonso Triviño.
260 ## - PUBLICACIÓN, DISTRIBUCIÓN, ETC.
Lugar de publicación, distribución, etc. Madrid :
Nombre del editor, distribuidor, etc. [s.n.],
Fecha de publicación, distribución, etc. 1883 (
Fabricante Imp. de Aurelio J. Alaria)
300 ## - DESCRIPCIÓN FÍSICA
Extensión 39 p. ;
Dimensiones 21 cm.
650 #4 - PUNTO DE ACCESO ADICIONAL DE MATERIA--TÉRMINO DE MATERIA
Término de materia o nombre geográfico como elemento de entrada Anestesia.
9 (RLIN) 9822
852 ## - LOCALIZACIÓN
Ubicación ES-MaACL
Número de control de estantería T-374-F-18
Nota libre - Enc. hol.
-- - Enc. en un vol. facticio
Holdings
Estatus retirado Estado de pérdida Estado de daño No para préstamo Colección Biblioteca de origen Biblioteca actual Ubicación en estantería Fecha de adquisición Total de préstamos Signatura topográfica completa Código de barras Visto por última vez Precio de reemplazo Tipo de ítem Koha
        Colección de folletos Biblioteca del Ateneo de Madrid Biblioteca del Ateneo de Madrid Depósito folletos 17/01/2008   T-374-F-18 1174779 23/02/2023 23/02/2023 Folleto